Qu´est-ce que le socialisme?: Une leçon de philosophie (Inédit) / Jaurès, Jean
Sábháilte in:
| Príomhchruthaitheoir: | |
|---|---|
| Formáid: | Anaithnid |
| Teanga: | French |
| Foilsithe / Cruthaithe: |
París, Francia
Pluriel
2019
|
| Ábhair: | |
| Clibeanna: |
Cuir clib leis
Níl clibeanna ann, Bí ar an gcéad duine le clib a chur leis an taifead seo!
|
MARC
| LEADER | 00000 a2200000 4500 | ||
|---|---|---|---|
| 008 | 190319b ||||| |||| 00| 0 fre d | ||
| 020 | |a 978-2-818-50603-5 | ||
| 040 | |a cru BVZT | ||
| 090 | |a 100 J-6.1q | ||
| 100 | |a Jaurès, Jean | ||
| 245 | |a Qu´est-ce que le socialisme?: Une leçon de philosophie (Inédit) / Jaurès, Jean | ||
| 260 | |a París, Francia |b Pluriel |c 2019 | ||
| 300 | |a 96 páginas | ||
| 650 | |a FILOSOFÍA |9 5 | ||
| 650 | |a EN IDIOMA FRANCÉS | ||
| 650 | |a SOCIALISMO | ||
| 650 | |a FICHTE | ||
| 650 | |a SCHAFFLE | ||
| 999 | |c 30948 |d 30948 | ||
| 942 | |c 4 D |h 100 J-6.1q |2 z | ||



